Liezi cun gao /

Saved in:
Bibliographic Details
Main Author: Yu, Zhengxie.
Format: Book
Language:Chinese
Published: Taibei Xian Banqiao : Yi wen yin shu guan, Min guo 60 [1971]
Series:Liezi bian wei ; 11.
Wu qiu bei zhai Liezi ji cheng ; 12.
Subjects:
Tags: Add Tag
No Tags, Be the first to tag this record!
LEADER 01182cam a2200325ui 4500
001 007725859-2
005 20024617112705.0
008 980303r1971uuuuch 000 0 chi d
035 0 |a ocm38538325 
040 |a *YNH*  |c *YNH*  |d CStRLIN 
100 1 |6 880-01  |a Yu, Zhengxie. 
245 1 0 |6 880-02  |a Liezi cun gao /  |c Yu Zhengxie. 
260 |6 880-03  |a Taibei Xian Banqiao :  |b Yi wen yin shu guan,  |c Min guo 60 [1971] 
300 |a 1 v. ;  |c 20 cm. 
490 1 |6 880-04  |a Liezi bian wei ;  |v 11 
490 1 |6 880-05  |a Wu qiu bei zhai Liezi ji cheng ;  |v 12 
500 |a Reprint. 
600 0 0 |6 880-06  |a Liezi,  |d active 4th century B.C.  |t Liezi. 
880 1 |6 100-01  |a 俞正燮. 
880 1 0 |6 245-02  |a 列子存稿 /  |c 俞正燮. 
880 |6 260-03  |a 臺北縣板橋 :  |b 藝文印書館,  |c 民國60 [1971] 
880 1 |6 490-04  |a 列子辨偽 ;  |v 11 
880 1 |6 490-05  |a 無求備齋列子集成 ;  |v 12 
880 0 0 |6 600-06  |a 列子,  |d active 4th century B.C.  |t 列子. 
830 0 |6 880-54  |a Liezi bian wei ;  |v 11. 
880 0 |6 830-54  |a 列子辨偽 ;  |v 11. 
830 0 |6 880-55  |a Wu qiu bei zhai Liezi ji cheng ;  |v 12. 
880 0 |6 830-55  |a 無求備齋列子集成 ;  |v 12. 
988 |a 20021121 
906 |0 MH